000 00593nam a22001937a 4500
003 DO-CoUTE
005 20260526132409.0
008 260526b dr ||||| |||| 00| 0 spa d
040 _aDO-CoUTE
_bspa
_cDO-CoUTE
082 _aRD 861.44N716B
100 1 _aFeliz Nino, Rafael
_eAutor
245 1 0 _aBajo la penumbra de un sueño /
_cRafael Nino Feliz
260 _aSanto Domingo ;
_bEditorial Gente,
_c2003
300 _a46 Paginas :
_c12x18cm,
504 _aIncluye referencia bibliográfica e índice.
650 4 _aPoesia
700 1 _aRafael Nino Feliz
_eAutor
942 _2ddc
_cBK
999 _c24237
_d24237